Statistics for Countries By Forest Area

Click here to take the quiz!

General Stats

  • This quiz has been taken 67 times
  • The average score is 18 of 22

Answer Stats

Hint Answer % Correct
South AmericaBrazil
98%
North AmericaCanada
98%
North AmericaUnited States
97%
Asia/EuropeRussia
97%
South AmericaPeru
95%
South AmericaArgentina
93%
AsiaIndia
93%
OceaniaAustralia
93%
South AmericaVenezuela
92%
South AmericaBolivia
92%
North AmericaMexico
92%
AsiaChina
90%
AsiaIndonesia
80%
AfricaTanzania
79%
South AmericaColombia
77%
AfricaAngola
75%
AfricaZambia
72%
AsiaMyanmar
70%
AfricaMozambique
70%
AfricaSudan, Including the South
49%
AfricaSudan
49%
AfricaD.R. Congo
36%

Score Distribution

Percentile by Number Answered

Percent of People with Each Score

Your Score History

You have not taken this quiz